000 00280nam a2200157Ia 4500
100 _aSaket/Pervin
650 _aFiction
942 _cBK
366 _f25
245 _aUrmila
260 _bJaico
_c2016
082 _bSAK
300 _a291
546 _aENGLISH
999 _c34016
_d34016